000 01592nam a2200457 i 4500
001 41482
003 KOSZ 005
005 20190902112221.0
008 020405s2001 enk f |000 0 eng d
020 _a9781900222213
040 _cKOSZ 005
_aKOSZ 005
_dKOSZ 005/HR
041 0 _aeng
046 _k2001
080 _a628.3
080 _a66.01/.09
100 1 _aWilderer, Peter A.
_eAutor
245 1 0 _aSequencing batch reactor technology /
_cby Peter A. Wilderer, Robert L. Irvine and Mervyn C. Goronszy ; and Nazik Artan [et al.].
260 _aLondon :
_bIWA,
_ccop. 2001.
300 _aXV, 76 s. :
_bil. ;
_c29 cm.
336 _2rdacontent
_aTekst
_btxt
337 _2rdamedia
_aBez urządzenia pośredniczącego
_bn
338 _2rdacarrier
_aWolumin
_bnc
380 _aKsiążki
380 _aPublikacje naukowe
388 _a2001-
490 1 _aIWA Scientific and Technical Report Series,
_x1025-0913 ;
_vNo 10
504 _aBibliogr. - Indeks.
650 9 _aOczyszczalnia ścieków
658 _aInżynieria i technika
650 9 _aŚcieki
650 9 _aOczyszczanie ścieków
650 9 _aUrządzenia
650 4 _aBioreaktory
700 1 _aIrvine, Robert L.
_eAutor
700 1 _aGoronszy, Mervyn C.
_eAutor
700 1 _aGoronszy, Mervyn C.
_eAutor
700 1 _aArtan, Nazik
_eAutor
830 _aScientific and Technical Report Series ;
_vno. 10
856 _uhttp://koha.tu.koszalin.pl/cgi-bin/koha/opac-detail.pl?biblionumber=41482
_yKatalog online BPK
942 _cKS
_2UKD
999 _c41482
_d41482